| 000 | 00390nam a2200169Ia 4500 | ||
|---|---|---|---|
| 008 | 210210b1900 xxu||||| |||| 00| 0 eng d | ||
| 041 | _aeng | ||
| 082 | _a444/22 | ||
| 100 | _aRICHEBOURG (E) | ||
| 245 | _aLes violettes blanches | ||
| 260 |
_aLondon _bMacmillan & Co. Ltd. _c1900 |
||
| 650 | _aviolettes | ||
| 650 | _aLes | ||
| 650 | _ablanches | ||
| 690 | _aFrench | ||
| 906 | _a006217 | ||
| 999 |
_c129237 _d129237 |
||